[Event "Sachsen-ch U12"]
[Site "Sebnitz"]
[Date "2012.04.13"]
[Round "6"]
[White "Kreyssig, Bruno"]
[Black "Schuering, Lewin"]
[Result "1-0"]
[WhiteElo "1527"]
[BlackElo "1438"]
[PlyCount "79"]
[EventDate "2012.04.10"]
[EventType "swiss"]
[EventRounds "7"]
[EventCountry "GER"]
[SourceTitle "CBM 148 Extra"]
[Source "ChessBase"]
[SourceDate "2012.06.22"]
[SourceVersion "1"]
[SourceVersionDate "2012.06.22"]
[SourceQuality "1"]

1. Nf3 d5 2. c4 e6 3. b3 Nf6 4. g3 Bd6 5. Bg2 0-0 6. 0-0 Nbd7 7. d3 c6 8. Bb2 Re8 9. d4 b6 10. Nc3 Ba6 11. Nd2 Bb4 12. a3 Bxc3 13. Bxc3 e5 14. dxe5 Nxe5 15. Bxe5 Rxe5 16. Nf3 Re7 17. Nd4 Qe8 18. cxd5 cxd5 19. Re1 Qd7 20. e3 Rc8 21. Rc1 Rxc1 22. Qxc1 Qc7 23. Qb2 Qc8 24. Rd1 Bb7 25. b4 a6 26. a4 Qd7 27. b5 axb5 28. Nxb5 Bc6 29. Rb1 Bxb5 30. Qxb5 h6 31. Qxb6 Qxa4 32. Bxd5 Nxd5 33. Qd8+ Kh7 34. Qxd5 Qc2 35. Rb8 Qc7 36. Qf5+ g6 37. Qb1 Qe5 38. Qb3 Qf6 39. Qc4 Qg7 40. Qc5 1-0